000 00762nam a22002177a 4500
008 081212t xxu||||| |||| 00| 0 eng d
010 _aENG-92147
020 _c75.00
035 _aEN-75680
037 _bDBAD / PUB
040 _adpl
_bEnglish
082 _a006.76
100 _aSuresh Kumar, P.
245 _aProgramming in ASP /
_cby P. Suresh Kumar
260 _aOoty
_bBrain Touch Publications
_c2008
300 _a130p.
_c31cm (pbk)
500 _aIncludes bibliographical references
650 _aActive server pages.
942 _2ddc
_cEN
_mSUR
_h006.76
999 _c19759
_d19759